Komárno - turistická brána Slovenska

Bibliographic Details
Main Author: Gráfel, Ľudovít, 1953- (Author)
Format: Article
Language:Slovak
Subjects:

MARC

LEADER 00000nab a2200000 a 4500
001 vtls000459882
003 SK-MaSNL
005 20260304234729.0
008 250424c1992 xo 0 slo
015 |a SNBRB19rr/mm-uuuuu 
035 |a CL0460014 
035 |a urn:nbn:sk:snk-ab2v7c 
035 |a (urnnbn)urn:nbn:sk:snk:ar-a02zni 
035 |a (uuid)0bee98d5-bea1-4413-8ae9-2ec7bea10bab 
040 |a SNKBUCL  |b slo  |c SNKBUCL  |e AACR2 
041 0 |a slo 
044 |a xo  |c SK 
080 |a 908.437.617  |2 1981 
080 |a 796.5  |2 2011 
080 |a 93/94  |2 2011 
100 1 |a Gráfel, Ľudovít,  |d 1953-  |4 aut  |9 262153 
245 1 0 |a Komárno - turistická brána Slovenska  |c Ľudovít Gráfel 
650 0 7 |a turistika  |2 SNKPH  |9 683 
650 0 7 |a pamiatky  |2 SNKPH  |9 3808 
650 0 7 |a dejiny  |2 SNKPH  |9 3825 
651 7 |a Komárno (Slovensko)  |2 snkbucl  |9 39168 
655 7 |a články z novín a časopisov  |2 snkbucl  |9 267496 
773 0 |t Krásy Slovenska  |g Roč. 69, č. 6 (1992), s. 3 
850 |a Slovenská národná knižnica 
852 |a Slovenská národná knižnica 
954 |a odborná, vedecká literatúra pôvodná (slovenská)  |2 lita 
957 |a 5204 
958 |a article27 
958 |a OND 
958 |a RK 
958 |a EUIPO 
992 |a RBX 
999 |c 3205366  |d 3207296